| 000 -LEADER |
| fixed length control field |
00254nam a2200109Ia 4500 |
| 008 - FIXED-LENGTH DATA ELEMENTS--GENERAL INFORMATION |
| fixed length control field |
200302s9999 xx 000 0 und d |
| 100 ## - MAIN ENTRY--PERSONAL NAME |
| Personal name |
Rolf Jensen |
| 245 ## - TITLE STATEMENT |
| Title |
Cities of Vision |
| 260 ## - PUBLICATION, DISTRIBUTION, ETC. |
| Name of publisher, distributor, etc. |
Applied Science Publishers Lid |
| 260 ## - PUBLICATION, DISTRIBUTION, ETC. |
| Date of publication, distribution, etc. |
174 |
| 300 ## - PHYSICAL DESCRIPTION |
| Extent |
382 |